00795 2200265 4500001002100000005001700021008004100038035002500079082001100104090002000115100004000135245011200175250002600287260003100313300002100344500003300365650002200398700002000420700001300440850001200453990001600465990001600481990001600497990001600513YOGYA-0209000003406420150414154609.0 ind  a0010-020900000034064 a297.41 aT 297.41bAbu M aABUZAID, Syaikh Bakar Ibnu Abdullah aMenjauhi pelaku bid ahcSyaikh Bakar Ibnu Abdullah Abu Zaid ; penerjemah, Salim Bazemool ; editor, Purwanto aEd. Indonesia, cet. 1 aSolobPustaka Mantiqc1994 a83 hlm. ;c16 cm aJudul asli : Hajrul mubtadiu aSunnah dan bid ah aBazemool, Salim aPurwanto aYOPDYOG a117577-P/98 a117579-P/98 a117579-P/98 a117577-P/98